[Event "ICS Rated standard match"]
[Site "204.178.125.65"]
[Date "2000.07.09"]
[Round "?"]
[White "PostModernist"]
[Black "Hossa"]
[Result "1/2-1/2"]
[WhiteElo "2423"]
[BlackElo "2363"]
[PlyCount "233"]
[EventDate "2000.??.??"]

1. d4 Nf6 2. c4 e6 3. Nf3 c5 4. g3 cxd4 5. Nxd4 Bb4+ 6. Nc3 Ne4 7. Qd3 f5 8.
Bg2 O-O 9. Bxe4 fxe4 10. Qxe4 Na6 11. Bd2 Nc5 12. Qg2 Rb8 13. O-O b6 14. Nc2
Bxc3 15. Bxc3 Bb7 16. f3 Qc7 17. Na3 Na4 18. Bb4 Nxb2 19. Rfb1 Nxc4 20. Nxc4
Qxc4 21. Bxf8 Rxf8 22. Rc1 Qd4+ 23. Qf2 Qb2 24. Qe3 Ba6 25. Re1 Bc4 26. Rac1
Bxa2 27. Rc7 a5 28. Rxd7 Bc4 29. Rc7 Bd5 30. Qd3 a4 31. Rec1 b5 32. R7c2 Qb4
33. Rc5 Bc4 34. R1xc4 bxc4 35. Rxc4 Qb5 36. Qe4 Qb6+ 37. Kg2 a3 38. Ra4 Qb3 39.
Ra7 Rb8 40. Qe5 Qb2 41. Qxe6+ Kh8 42. Kh3 h6 43. Qd6 Re8 44. e4 a2 45. Qa6 Qc3
46. Qg6 Rf8 47. Rxa2 Qxf3 48. Ra1 Qe2 49. Rb1 Qc2 50. Rb5 Qc8+ 51. Qg4 Qc4 52.
Rf5 Re8 53. e5 Qc8 54. Rh5 Qa6 55. Qf4 Kg8 56. Rf5 Qd3 57. Qg4 Qd5 58. Qe2 g6
59. Qg4 Re6 60. Qf3 Qxf3 61. Rxf3 Rxe5 62. g4 Kg7 63. Kg3 Re6 64. Rf2 Rd6 65.
h4 Rd3+ 66. Kh2 g5 67. h5 Rd8 68. Rf3 Rd1 69. Ra3 Rd6 70. Kg3 Kf6 71. Kf3 Rc6
72. Re3 Ra6 73. Kg3 Re6 74. Rf3+ Ke5 75. Rf2 Rb6 76. Re2+ Kd4 77. Kf2 Kd3 78.
Re1 Kc2 79. Re7 Kd3 80. Kg2 Kd4 81. Kf3 Rf6+ 82. Kg3 Rd6 83. Re8 Kd5 84. Re3
Rc6 85. Re2 Rc3+ 86. Kh2 Rc4 87. Kh3 Rc7 88. Kg2 Rc6 89. Rd2+ Ke5 90. Rf2 Rd6
91. Kh3 Ke4 92. Kg3 Kd3 93. Rb2 Ke3 94. Rb1 Kd2 95. Rb5 Ke3 96. Re5+ Kd4 97.
Re1 Rc6 98. Kg2 Rc2+ 99. Kf3 Rc3+ 100. Kf2 Rc7 101. Re6 Rh7 102. Kf3 Rf7+ 103.
Kg2 Rh7 104. Kg3 Kd5 105. Rb6 Kc5 106. Rb8 Kd5 107. Rd8+ Ke5 108. Re8+ Kd5 109.
Rg8 Ke5 110. Rg6 Ke4 111. Rf6 Ke5 112. Rb6 Rh8 113. Rc6 Kd5 114. Rf6 Ke5 115.
Rf7 Re8 116. Kf3 Ke6 117. Kf2 1/2-1/2

[Event "ICS Rated blitz match"]
[Site "204.178.125.65"]
[Date "2000.07.09"]
[Round "?"]
[White "Hossa"]
[Black "Tinker"]
[Result "1-0"]
[WhiteElo "2503"]
[BlackElo "2521"]
[PlyCount "133"]
[EventDate "2000.??.??"]

1. d4 d5 2. c4 e6 3. Nc3 Nf6 4. cxd5 exd5 5. Bg5 Be7 6. e3 c6 7. Bd3 O-O 8. Nf3
Nbd7 9. O-O b5 10. Qc2 b4 11. Ne2 Bb7 12. Ne5 Nxe5 13. dxe5 Ne4 14. Bxe4 dxe4
15. Rfd1 Qc7 16. Bxe7 Qxe7 17. Qxe4 Rfe8 18. Nf4 c5 19. Qc4 Qxe5 20. Rac1 Rac8
21. Rd7 Re7 22. Rcd1 Bc6 23. Rxe7 Qxe7 24. b3 Be4 25. f3 Bb7 26. e4 Qf6 27. Nd5
Qe6 28. Rd2 h6 29. Rd1 a6 30. h3 Qd6 31. Ne3 Qe7 32. Nf5 Qc7 33. Nd6 Rd8 34. e5
Bc8 35. Rc1 Be6 36. Qxc5 Qxc5+ 37. Rxc5 f6 38. f4 Kf8 39. Rc7 Bd5 40. Ra7 Ra8
41. Rxa8+ Bxa8 42. exf6 gxf6 43. Kf2 h5 44. g4 hxg4 45. hxg4 Bc6 46. Ke3 Ke7
47. Nf5+ Kf7 48. g5 fxg5 49. fxg5 Bd7 50. Kf4 Bc6 51. Nd4 Bb7 52. Nc2 a5 53.
Ne3 Ba6 54. Ng4 Bb5 55. Ne5+ Ke6 56. Ke4 Ba6 57. Kd4 Bb5 58. Kc5 Kxe5 59. Kxb5
Kf5 60. g6 Kxg6 61. Kxa5 Kg5 62. Kxb4 Kf6 63. a4 Ke6 64. Kc5 Kd7 65. b4 Kc7 66.
b5 Kb7 67. a5 1-0

[Event "ICS Rated blitz match"]
[Site "204.178.125.65"]
[Date "2000.07.09"]
[Round "?"]
[White "Amateur"]
[Black "Hossa"]
[Result "1-0"]
[WhiteElo "2595"]
[BlackElo "2520"]
[PlyCount "161"]
[EventDate "2000.??.??"]

1. e4 e5 2. Nf3 Nc6 3. d4 exd4 4. Nxd4 Nf6 5. Nxc6 dxc6 6. Qxd8+ Kxd8 7. Bg5
Bb4+ 8. Nd2 Be7 9. Bc4 Ke8 10. Be3 Ng4 11. Bd4 Bf6 12. Nf3 Bxd4 13. Nxd4 Ke7
14. Be2 Rd8 15. c3 Nf6 16. e5 Nd5 17. O-O c5 18. Nb3 Nf4 19. Bf3 Nd3 20. Be4
Nxe5 21. Nxc5 Rb8 22. Rfe1 b6 23. Nb3 Kf6 24. Nd4 Bd7 25. b4 c5 26. bxc5 bxc5
27. Nb3 c4 28. Nd4 h5 29. Re3 g6 30. f4 Ng4 31. Re2 Nh6 32. Rae1 Bg4 33. Rf2
Bd7 34. Bd5 Nf5 35. Nf3 Bb5 36. Be4 Nd6 37. Bc2 Bc6 38. Ne5 Be8 39. a3 Nb5 40.
f5 g5 41. Nxc4 Bc6 42. Ne5 Re8 43. Rfe2 Nxc3 44. Re3 Rbc8 45. a4 Be4 46. Nd7+
Kxf5 47. Rf3+ Kg6 48. Nf6 Bxc2 49. Rxe8 Rxe8 50. Nxe8 Ne4 51. a5 g4 52. Ra3 f5
53. Nc7 Bd1 54. Nb5 a6 55. Nc7 Be2 56. Rb3 Kh7 57. Rb6 Nc5 58. Kf2 Bd3 59. Ke3
g3 60. hxg3 Bf1 61. Rf6 Ne4 62. Rxf5 Nxg3 63. Rf3 Bxg2 64. Rxg3 Bb7 65. Kf2 Bc8
66. Re3 h4 67. Re7+ Kg6 68. Re8 Bd7 69. Ra8 Kg7 70. Rxa6 h3 71. Rb6 h2 72. Kg2
h1=Q+ 73. Kxh1 Bg4 74. a6 Kf7 75. Kg2 Be2 76. a7 Bc4 77. a8=Q Kg7 78. Qa1+ Kh7
79. Ne8 Bd5+ 80. Kg3 Bc4 81. Qg7# 1-0

[Event "ICS rated blitz match"]
[Site "204.178.125.65"]
[Date "2000.07.09"]
[Round "?"]
[White "Hossa"]
[Black "supergio"]
[Result "1-0"]
[WhiteElo "2508"]
[BlackElo "1972"]
[PlyCount "24"]
[EventDate "2000.??.??"]

1. d4 Nf6 2. Bf4 e6 3. e3 b6 4. Nf3 Bb7 5. Bd3 c5 6. O-O Be7 7. dxc5 bxc5 8.
Nc3 O-O 9. Nb5 Nd5 10. Be4 d6 11. c4 Nxf4 12. Bxb7 Nd7 1-0

[Event "ICS rated blitz match"]
[Site "204.178.125.65"]
[Date "2000.07.09"]
[Round "?"]
[White "JZInsomniac"]
[Black "Hossa"]
[Result "1-0"]
[WhiteElo "2782"]
[BlackElo "2509"]
[PlyCount "131"]
[EventDate "2000.??.??"]

1. d4 Nf6 2. c4 e6 3. Nf3 c5 4. d5 d6 5. Nc3 exd5 6. cxd5 g6 7. e4 Bg7 8. Be2
O-O 9. Nd2 Ne8 10. O-O f5 11. exf5 Bxf5 12. Nc4 Na6 13. Bf4 Nb4 14. Qd2 Qe7 15.
Rac1 Qd7 16. Bg3 Rd8 17. a3 Na6 18. Rce1 Nb8 19. Ne3 Nc7 20. Bh4 Rde8 21. g4
Be4 22. f3 g5 23. Bxg5 Bg6 24. Bd3 Bxd3 25. Qxd3 Bd4 26. Kg2 Qg7 27. h4 Bxe3
28. Bxe3 Nd7 29. Qd2 Qf7 30. Ne4 Qxd5 31. Qxd5+ Nxd5 32. Bh6 Rf7 33. Nxd6 Rxe1
34. Rxe1 Re7 35. Rxe7 Nxe7 36. Nxb7 Nd5 37. Kg3 Kf7 38. f4 Kg6 39. Bg5 Kg7 40.
f5 a6 41. Nd6 Ne5 42. Bd2 Nd3 43. b3 Kf8 44. g5 Ne5 45. f6 Nd7 46. Kg4 Ne5+ 47.
Kf5 Nf3 48. Ba5 c4 49. Nxc4 Nxh4+ 50. Ke5 Nxf6 51. gxf6 Nf3+ 52. Ke4 Ng5+ 53.
Kf5 Nf7 54. Bb4+ Kg8 55. Ke6 Ng5+ 56. Ke7 Nf7 57. Nd6 Nh8 58. f7+ Nxf7 59. Nxf7
h5 60. Kf6 Kh7 61. Ng5+ Kg8 62. Kg6 a5 63. Bc5 h4 64. Nf7 h3 65. Nh6+ Kh8 66.
Bd4# 1-0

[Event "ICS Rated blitz match"]
[Site "204.178.125.65"]
[Date "2000.07.09"]
[Round "?"]
[White "Hossa"]
[Black "Amateur"]
[Result "1/2-1/2"]
[WhiteElo "2503"]
[BlackElo "2608"]
[PlyCount "214"]
[EventDate "2000.??.??"]

1. d4 d6 2. Nf3 Bg4 3. e4 Nf6 4. h3 Bh5 5. g4 Bg6 6. e5 dxe5 7. dxe5 Qxd1+ 8.
Kxd1 Nd5 9. Nh4 Nc6 10. Nxg6 O-O-O 11. Bd2 hxg6 12. e6 fxe6 13. Bg2 e5 14. Bxd5
Rxd5 15. Nc3 Rd7 16. Ne4 Rd4 17. f3 Rh4 18. c3 Rd3 19. Ke2 Rd5 20. Bg5 Rh8 21.
h4 Na5 22. Rad1 Rb5 23. b3 Rg8 24. Be3 Nc6 25. b4 e6 26. Nc5 Nd8 27. Rd2 a6 28.
a4 Rb6 29. Ne4 Rc6 30. Kd3 b5 31. axb5 axb5 32. Ra1 Be7 33. Rh2 Rf8 34. Ra8+
Kd7 35. Rh3 Nf7 36. Ra5 Rb8 37. Rh1 Kc8 38. Ra7 Nd6 39. Nd2 Kd7 40. Ra3 Rh8 41.
Raa1 Rxh4 42. Rxh4 Bxh4 43. Ra8 Nc4 44. Nxc4 Rxc4 45. Ra1 Kd6 46. Rd1 Kd5 47.
Kc2+ Kc6 48. Rh1 g5 49. Kd3 Kd5 50. Rd1 e4+ 51. fxe4+ Rxe4 52. Ke2+ Kc6 53. Kf3
Rc4 54. Bd4 g6 55. Rd3 Kd7 56. Re3 Ke7 57. Re5 c6 58. Re3 Kd7 59. Rd3 Kd6 60.
Bc5+ Kc7 61. Bd6+ Kc8 62. Re3 Kd7 63. Rd3 Ke8 64. Be5 Be1 65. Bd4 Kf7 66. Ke4
Ke7 67. Kf3 Kf8 68. Ke2 Bh4 69. Rf3+ Ke7 70. Rd3 Kd7 71. Rd1 Ke8 72. Kf3 Kf7
73. Ra1 Ke7 74. Rd1 Ke8 75. Ra1 Kd7 76. Rd1 Kc8 77. Rc1 Kd7 78. Rd1 Kd8 79. Ra1
Kc7 80. Be5+ Kb6 81. Rd1 Ka6 82. Bd4 Kb7 83. Be5 Kc8 84. Bd4 Kd7 85. Bh8+ Kc7
86. Bd4 Kb8 87. Be5+ Kb7 88. Rd7+ Kc8 89. Rc7+ Kd8 90. Rb7 Be1 91. Rb8+ Kd7 92.
Rb7+ Ke8 93. Rb8+ Ke7 94. Rb7+ Kf8 95. Rb8+ Kf7 96. Rb7+ Ke8 97. Rb8+ Kd7 98.
Rb7+ Ke8 99. Rb8+ Kd7 100. Rb7+ Ke8 101. Rb8+ Kd7 102. Rb7+ Kd8 103. Rb8+ Kd7
104. Rb7+ Ke8 105. Rb8+ Kd7 106. Rb7+ Ke8 107. Rb8+ Kd7 1/2-1/2

[Event "ICS rated blitz match"]
[Site "204.178.125.65"]
[Date "2000.07.09"]
[Round "?"]
[White "supergio"]
[Black "Hossa"]
[Result "0-1"]
[WhiteElo "2015"]
[BlackElo "2508"]
[PlyCount "60"]
[EventDate "2000.??.??"]

1. d4 d6 2. c4 e6 3. Nc3 Nf6 4. e4 Be7 5. f3 O-O 6. Be3 e5 7. d5 c6 8. Qd2 Na6
9. Nge2 Nh5 10. g3 Bd7 11. O-O-O Nf6 12. g4 cxd5 13. cxd5 Qc7 14. Kb1 Rfc8 15.
Ng3 Nb4 16. a3 Na6 17. h4 Nc5 18. g5 Ne8 19. Nf5 Bxf5 20. exf5 Bf8 21. h5 b5
22. g6 Nb3 23. Qg2 b4 24. axb4 a5 25. h6 axb4 26. gxh7+ Kh8 27. hxg7+ Bxg7 28.
Bh6 bxc3 29. Bxg7+ Nxg7 30. f6 c2+ 0-1

[Event "ICS rated blitz match"]
[Site "204.178.125.65"]
[Date "2000.07.09"]
[Round "?"]
[White "Hossa"]
[Black "Amateur"]
[Result "1-0"]
[WhiteElo "2510"]
[BlackElo "2603"]
[PlyCount "137"]
[EventDate "2000.??.??"]

1. e4 e6 2. d4 d5 3. Nd2 c5 4. exd5 Qxd5 5. dxc5 Bxc5 6. Ngf3 Nf6 7. Bc4 Qf5 8.
Bd3 Qg4 9. O-O Nc6 10. h3 Qh5 11. Nb3 Be7 12. Re1 O-O 13. c4 Rd8 14. Qe2 Nb4
15. Bb1 Nc6 16. Bc2 b6 17. Bf4 Bb7 18. Qf1 Bd6 19. Bxd6 Rxd6 20. g4 Qh6 21. g5
Qh5 22. Qg2 Ne8 23. Nfd2 h6 24. g6 f5 25. Bd1 Qh4 26. Rc1 Rad8 27. Bf3 Rxd2 28.
Nxd2 Rxd2 29. Rxe6 Nc7 30. Rxc6 Bxc6 31. Bxc6 Rxb2 32. Re1 Rd2 33. Bd5+ Kf8 34.
Bf7 a6 35. Qa8+ Qd8 36. Qc6 Rd1 37. Rxd1 Qxd1+ 38. Kg2 Qd8 39. Qxb6 Qg5+ 40.
Kf3 Qh5+ 41. Ke3 Qg5+ 42. Kd3 Qe7 43. Qb8+ Ne8 44. Bxe8 Qe4+ 45. Kc3 Qe1+ 46.
Kd4 Qxf2+ 47. Kd5 Qf3+ 48. Kc5 Qe3+ 49. Kc6 Qe4+ 50. Kb6 Qxe8 51. Qxe8+ Kxe8
52. c5 Kd7 53. Kb7 Ke6 54. c6 a5 55. c7 Kf6 56. a4 Kxg6 57. Ka6 Kf6 58. Kxa5 f4
59. c8=Q f3 60. Qc6+ Kf7 61. Qxf3+ Kg6 62. h4 Kh7 63. Qf7 h5 64. Qxh5+ Kg8 65.
Qe8+ Kh7 66. h5 g5 67. Qg6+ Kh8 68. h6 g4 69. Qg7# 1-0

[Event "ICS rated blitz match"]
[Site "204.178.125.65"]
[Date "2000.07.09"]
[Round "?"]
[White "Amateur"]
[Black "Hossa"]
[Result "1-0"]
[WhiteElo "2583"]
[BlackElo "2530"]
[PlyCount "117"]
[EventDate "2000.??.??"]

1. d4 d6 2. Nf3 Bg4 3. c4 Nd7 4. Nc3 e5 5. g3 Bxf3 6. exf3 exd4 7. Qxd4 Ngf6 8.
Bg2 Be7 9. O-O O-O 10. Be3 Ne5 11. Rad1 Qd7 12. b3 Rfe8 13. Nd5 Nxd5 14. Qxd5
Nc6 15. Qb5 Qc8 16. Qh5 Bf6 17. f4 Qd7 18. Qb5 Reb8 19. c5 a6 20. Qc4 Re8 21.
Rc1 Rac8 22. Qa4 Red8 23. Rfd1 Re8 24. b4 Bb2 25. Rc2 Bf6 26. Bxc6 bxc6 27.
cxd6 cxd6 28. Rcd2 Re6 29. f5 Re4 30. Rxd6 Qxf5 31. Rxc6 Rf8 32. Rxa6 Qf3 33.
Bc5 Be7 34. Bxe7 Rxe7 35. Rad6 Re2 36. Qa7 Ree8 37. R6d3 Qg4 38. a3 Qe2 39. a4
Qg4 40. b5 Qh3 41. b6 Kh8 42. b7 h6 43. a5 h5 44. Re3 Rb8 45. Rd5 Qg4 46. Ree5
Qf3 47. Rxh5+ Kg8 48. a6 Qf6 49. Qd4 Qc6 50. Qh4 f6 51. Rc5 Qd7 52. a7 Qd1+ 53.
Kg2 g5 54. Rh8+ Kf7 55. Rc7+ Qd7 56. Qh7+ Ke6 57. Qxd7+ Ke5 58. Rc5+ Ke4 59.
Qd5# {Hossa checkmated} 1-0

[Event "ICS rated blitz match"]
[Site "204.178.125.65"]
[Date "2000.07.09"]
[Round "?"]
[White "Tinker"]
[Black "Hossa"]
[Result "0-1"]
[WhiteElo "2519"]
[BlackElo "2516"]
[PlyCount "150"]
[EventDate "2000.??.??"]

1. e4 e5 2. d4 exd4 3. Qxd4 Nc6 4. Qc4 a6 5. Nc3 b5 6. Qd3 Nf6 7. Nf3 Bc5 8.
Be2 O-O 9. e5 Nb4 10. Qd2 Ng4 11. O-O Bb7 12. h3 Bxf2+ 13. Rxf2 Nxf2 14. Kxf2
Re8 15. Kg1 Qe7 16. a3 Nc6 17. Qd5 Nd8 18. Qd3 Ne6 19. Ne4 Rab8 20. Be3 Nf8 21.
Bg5 f6 22. Nxf6+ gxf6 23. Bxf6 Qc5+ 24. Nd4 Ng6 25. b4 Qd5 26. Bf3 Qc4 27. Bxb7
Rxb7 28. Qe4 Rb6 29. Qg4 d6 30. Re1 dxe5 31. Rxe5 Rf8 32. Rc5 Qf7 33. Be5 Qf1+
34. Kh2 Re8 35. Nf5 Qc1 36. Bc3 Qf4+ 37. Qxf4 Nxf4 38. Rxc7 Rg6 39. Nh4 Nd5 40.
Rc5 Rd6 41. Nf5 Rd7 42. Bd4 Re6 43. Kg3 Kf7 44. Kf3 Nb6 45. Rc3 Nc4 46. Kf4 Rc7
47. Rd3 Re2 48. Kg3 Rxc2 49. Ne3 Ra2 50. Nxc4 bxc4 51. Rf3+ Ke6 52. Kh2 Rf7 53.
Rc3 Kd5 54. Bh8 Rf8 55. Bg7 Rg8 56. Rg3 c3 57. Rg5+ Ke6 58. Rg4 c2 59. Bh6 Rxg4
60. hxg4 Rxa3 61. Kg1 Ra1+ 62. Kf2 c1=Q 63. Bxc1 Rxc1 64. Kg3 Rc2 65. Kf3 Rxg2
66. Kxg2 Kd5 67. Kf3 Kc4 68. Ke3 Kxb4 69. Kd2 Kc4 70. Kc2 Kd4 71. g5 Ke4 72.
Kb3 Kf5 73. g6 hxg6 74. Kc3 a5 75. Kb2 g5 {Tinker resigns} 0-1

[Event "ICS rated blitz match"]
[Site "204.178.125.65"]
[Date "2000.07.09"]
[Round "?"]
[White "Hossa"]
[Black "PostModernist"]
[Result "0-1"]
[WhiteElo "2532"]
[BlackElo "2660"]
[PlyCount "132"]
[EventDate "2000.??.??"]

1. d4 Nf6 2. Bf4 e6 3. e3 b6 4. Nf3 Bb7 5. Bd3 Be7 6. O-O O-O 7. Bg5 Nc6 8. c3
h6 9. Bxf6 Bxf6 10. Nbd2 Re8 11. Ne4 Be7 12. Ng3 Bd6 13. Qc2 Bxg3 14. fxg3 a5
15. Bh7+ Kh8 16. Bd3 Qe7 17. Rf2 e5 18. dxe5 Nxe5 19. Nxe5 Qxe5 20. Re1 Re7 21.
Rf5 Qe6 22. Rf4 Rae8 23. Qf2 Kg8 24. a4 Bd5 25. c4 Bb7 26. Bb1 Qc6 27. Rf1 f6
28. Bg6 Rd8 29. Rd4 Qxa4 30. c5 Qc6 31. cxb6 cxb6 32. Rd3 a4 33. Rc3 Qb5 34.
Qc2 Qg5 35. Rf4 Re5 36. Bh7+ Kh8 37. Bf5 Bc6 38. Bg6 Rc5 39. Bf5 Rxc3 40. Qxc3
b5 41. Qd3 Qh5 42. g4 Qe8 43. Bg6 Qe5 44. Qd2 Ra8 45. Rf5 Qe6 46. Rf4 a3 47.
Bf5 Qa2 48. Bc2 axb2 49. Qe1 Ra3 50. e4 Qc4 51. Bb1 Rc3 52. Rf1 Rc1 53. Qf2
Bxe4 54. h3 Bxb1 55. Re1 Rxe1+ 56. Qxe1 Be4 57. Kf2 Qd4+ 58. Ke2 Bd3+ 59. Kf3
b1=Q 60. Qxb1 Bxb1 61. h4 Be4+ 62. Ke2 Qd3+ 63. Ke1 Qe3+ 64. Kd1 Bd3 65. g3
Qe2+ 66. Kc1 Qc2# {Hossa checkmated} 0-1

[Event "ICS rated blitz match"]
[Site "204.178.125.65"]
[Date "2000.07.09"]
[Round "?"]
[White "Hossa"]
[Black "robinhood"]
[Result "1-0"]
[WhiteElo "2522"]
[BlackElo "2083"]
[PlyCount "83"]
[EventDate "2000.??.??"]

1. d4 Nf6 2. c4 e5 3. dxe5 Ng4 4. Nf3 Bc5 5. e3 Nc6 6. Be2 Ngxe5 7. Nc3 d6 8.
O-O O-O 9. b3 Bf5 10. Nd4 Bg6 11. a3 Qh4 12. f4 Rad8 13. g3 Qh3 14. f5 Bxd4 15.
exd4 Bxf5 16. dxe5 dxe5 17. Nd5 Be4 18. Rf2 Qe6 19. Bg5 f6 20. Be3 Ne7 21.
Nxe7+ Qxe7 22. Qf1 b6 23. c5 Kh8 24. b4 Qe6 25. Bc4 Qc6 26. b5 Qa8 27. c6 a6
28. a4 Rd6 29. Rc1 axb5 30. axb5 Qe8 31. Bd2 Qa8 32. Bb4 Qd8 33. Ra1 Rd4 34.
Bxf8 Qxf8 35. Ra7 h5 36. Rxc7 Qd6 37. Rc8+ Kh7 38. Bg8+ Kh6 39. Bb3 Rb4 40.
Rh8+ Kg6 41. Qe2 Bf5 42. Qxh5# 1-0

[Event "ICS rated blitz match"]
[Site "204.178.125.65"]
[Date "2000.07.09"]
[Round "?"]
[White "QueenMaxima"]
[Black "Hossa"]
[Result "1-0"]
[WhiteElo "2553"]
[BlackElo "2524"]
[PlyCount "109"]
[EventDate "2000.??.??"]

1. d4 Nf6 2. Bf4 e6 3. e3 b6 4. Nf3 Bb7 5. Bd3 Be7 6. h3 Ne4 7. O-O g5 8. Be5
f6 9. Bh2 f5 10. Bxe4 fxe4 11. Nfd2 h5 12. c4 d5 13. Nc3 h4 14. cxd5 exd5 15.
f3 exf3 16. Qxf3 Rf8 17. Qh5+ Kd7 18. Qg4+ Ke8 19. Rxf8+ Bxf8 20. Qh5+ Kd7 21.
Qg6 Qe7 22. Qf5+ Ke8 23. Rf1 c6 24. Nde4 dxe4 25. Nxe4 Ba6 26. Bd6 Bxf1 27.
Bxe7 Kxe7 28. Kxf1 Nd7 29. Qxg5+ Ke8 30. Qxh4 Be7 31. Qh6 Rc8 32. g3 Nf8 33.
Nd6+ Bxd6 34. Qxd6 Kf7 35. Qf4+ Ke8 36. Qe5+ Kd8 37. e4 Nd7 38. Qg5+ Kc7 39. e5
Rf8+ 40. Kg2 Kc8 41. Qg6 Kd8 42. Qxc6 Rf5 43. e6 Nf6 44. Qb7 a6 45. Qf7 Kc8 46.
e7 a5 47. d5 Rxd5 48. Qxf6 Kd7 49. Qf7 Rd2+ 50. Kf3 Kd6 51. e8=Q Rd3+ 52. Ke4
Re3+ 53. Kxe3 a4 54. Qb5 a3 55. Qbd5# {Hossa checkmated} 1-0

[Event "ICS rated blitz match"]
[Site "204.178.125.65"]
[Date "2000.07.09"]
[Round "?"]
[White "Hossa"]
[Black "Dorky"]
[Result "1-0"]
[WhiteElo "2509"]
[BlackElo "2170"]
[PlyCount "77"]
[EventDate "2000.??.??"]

1. d4 Nf6 2. Bf4 e6 3. e3 Bb4+ 4. c3 Be7 5. Bd3 O-O 6. Ne2 Nc6 7. Nd2 d6 8. O-O
e5 9. Bg3 Be6 10. Qc2 Rc8 11. Bh4 h6 12. f4 Bg4 13. fxe5 dxe5 14. Nc1 Qd5 15.
Bxf6 Bxf6 16. Rxf6 gxf6 17. Bc4 Qd7 18. Qg6+ Kh8 19. Qxh6+ Kg8 20. Ne4 Qd8 21.
Nxf6+ Qxf6 22. Qxf6 exd4 23. Qg5+ Kh8 24. Qh4+ Kg8 25. Qxg4+ Kh8 26. Bxf7 Rfd8
27. Qh5+ Kg7 28. Qg6+ Kf8 29. Qf6 Rd7 30. Be6+ Ke8 31. Qg6+ Kd8 32. Qg8+ Ke7
33. Qf7+ Kd6 34. Qxd7+ Ke5 35. Nd3+ Ke4 36. Qd5+ Kxe3 37. Qf3+ Kd2 38. Rd1+ Kc2
39. Qe2# {Dorky checkmated} 1-0

[Event "ICS rated standard match"]
[Site "204.178.125.65"]
[Date "2000.07.09"]
[Round "?"]
[White "Hossa"]
[Black "Grok"]
[Result "1/2-1/2"]
[WhiteElo "2366"]
[BlackElo "2180"]
[PlyCount "205"]
[EventDate "2000.??.??"]

1. d4 Nf6 2. Bf4 d5 3. e3 c5 4. dxc5 e6 5. b4 a5 6. Nc3 Bd7 7. Nb5 Bxb5 8.
Bxb5+ Nc6 9. c3 Be7 10. Ne2 O-O 11. O-O Ne4 12. f3 Nf6 13. Nd4 Nxd4 14. exd4
Rc8 15. a3 Nh5 16. Be3 Nf6 17. Qb3 Qc7 18. bxa5 Qxa5 19. g4 Qc7 20. g5 Nh5 21.
f4 g6 22. Rab1 Ng7 23. Bd3 Rb8 24. f5 Nh5 25. fxe6 fxe6 26. Qb6 Qc8 27. Rxf8+
Kxf8 28. Be2 Bd8 29. Rf1+ Kg8 30. Qd6 Bc7 31. Qe7 Ng7 32. Qf7+ Kh8 33. Bg4 Ra8
34. Bc1 Qb8 35. Rf2 Qc8 36. Re2 Ra6 37. Re3 Rc6 38. Be2 Ba5 39. Rf3 Nh5 40. Qe7
Kg8 41. Bb5 Rc7 42. Qd6 Ng7 43. Bf1 Nf5 44. Qe5 Rf7 45. a4 Bc7 46. Qe1 Ba5 47.
Bd2 Bc7 48. Rf2 Qd7 49. Bc1 Qxa4 50. Qxe6 Qd1 51. Bd2 Qg4+ 52. Bg2 Qd1+ 53. Be1
Qg4 54. Qxd5 Qxg5 55. Qe6 Bd8 56. Bd2 Qg4 57. Qe8+ Rf8 58. Qe2 Qxe2 59. Rxe2 b6
60. cxb6 Bxb6 61. Bd5+ Kg7 62. Bf4 Rd8 63. Bb7 Ba5 64. Rc2 Kf6 65. Kg2 h5 66.
h3 g5 67. Be5+ Ke7 68. Kf3 g4+ 69. hxg4 hxg4+ 70. Kf4 Rf8 71. Kg5 g3 72. Re2
Kd7 73. Bf6 Bxc3 74. Be4 Nd6 75. Bd5 Nb5 76. Re4 Bd2+ 77. Kg6 Nc3 78. Re7+ Kd6
79. Bf3 Nd5 80. Bxd5 Kxd5 81. Re2 Rg8+ 82. Bg7 Bb4 83. Re5+ Kc4 84. Kf7 Ra8 85.
Rg5 Ra7+ 86. Ke6 Re7+ 87. Kf5 Bd6 88. Be5 Bxe5 89. dxe5 Kd5 90. Rxg3 Rxe5+ 91.
Kg4 Kd6 92. Rh3 Re6 93. Rh2 Kd7 94. Rh1 Re7 95. Rf1 Kd8 96. Rh1 Re8 97. Rf1 Kc8
98. Rh1 Kb8 99. Rf1 Ka8 100. Rh1 Kb8 101. Rf1 Ka8 102. Rh1 Kb8 103. Rf1 1/2-1/2

[Event "ICS rated blitz match"]
[Site "204.178.125.65"]
[Date "2000.07.09"]
[Round "?"]
[White "TiniBini"]
[Black "Hossa"]
[Result "0-1"]
[WhiteElo "1947"]
[BlackElo "2513"]
[PlyCount "72"]
[EventDate "2000.??.??"]

1. e4 e5 2. c4 Nf6 3. Nc3 Bc5 4. d3 O-O 5. g3 d6 6. h3 Nc6 7. Bg2 a6 8. Nge2
Rb8 9. O-O b5 10. b3 Be6 11. Kh2 Nd4 12. f4 bxc4 13. dxc4 Nxe2 14. Nxe2 Qe7 15.
f5 Bc8 16. g4 Rd8 17. Ng3 Bd4 18. Rb1 Nd7 19. g5 Qf8 20. h4 Nb6 21. Bd2 Bd7 22.
h5 c6 23. Qg4 Bc8 24. Qh4 d5 25. cxd5 cxd5 26. f6 g6 27. hxg6 hxg6 28. Rh1 Qc5
29. Rbc1 Qa3 30. Ne2 Bf2 31. Qxf2 dxe4 32. Bc3 Nd5 33. Bxe5 Rb5 34. Nd4 Rc5 35.
Kg3 Rxc1 36. Rd1 Rxd1 {TiniBini resigns} 0-1

[Event "ICS Rated standard match"]
[Site "204.178.125.65"]
[Date "2000.07.09"]
[Round "?"]
[White "Cold-Carlsberg"]
[Black "Hossa"]
[Result "1-0"]
[WhiteElo "2200"]
[BlackElo "2358"]
[PlyCount "137"]
[EventDate "2000.??.??"]

1. c4 e5 2. Nc3 Qf6 3. Nf3 Nc6 4. e3 b6 5. Be2 Qg6 6. O-O e4 7. Nd4 Nxd4 8.
exd4 Bb7 9. Bh5 Qf6 10. d5 g6 11. Be2 Qh4 12. d3 exd3 13. Qxd3 O-O-O 14. Ne4 f6
15. Be3 Re8 16. f4 f5 17. Bd4 fxe4 18. Qc3 Bc5 19. Bxc5 Nh6 20. Bf2 Qd8 21. Bd4
Rhf8 22. Bg7 Nf5 23. Bxf8 Rxf8 24. Bg4 h5 25. Bxf5 gxf5 26. Qg7 Qe8 27. Rfd1
Rg8 28. Qh7 Qf8 29. Rac1 Rh8 30. Qg6 h4 31. Rc3 Ba8 32. Rd2 Bb7 33. Qg5 Ba8 34.
b3 Qc5+ 35. Kf1 Qf8 36. Rh3 Kb7 37. Rxh4 Rg8 38. Qh6 Qa3 39. Rc2 Qe7 40. Rh5
Qc5 41. Qf6 Qe3 42. Qxf5 Qd4 43. Re2 e3 44. Qh3 Rg4 45. Qxe3 Rxf4+ 46. Kg1 Qf6
47. Re1 Rg4 48. Re5 Qd6 49. Re7 Qf6 50. Rxd7 Qg6 51. Qe7 Rxg2+ 52. Kh1 Rxh2+
53. Kxh2 Qh5+ 54. Kg3 Qg6+ 55. Kf4 Qh6+ 56. Kg4 Qg6+ 57. Qg5 Qc2 58. Rxc7+ Ka6
59. Ree7 Qd1+ 60. Kf5 Qc2+ 61. Ke6 Qe2+ 62. Kf7 Qf2+ 63. Ke8 Ka5 64. Rxa7+ Kb4
65. Re3 Qf6 66. Qxf6 Kc5 67. Rc7+ Kb4 68. Qc3+ Ka3 69. Ra7# {Hossa checkmated}
1-0

[Event "ICS rated blitz match"]
[Site "204.178.125.65"]
[Date "2000.07.09"]
[Round "?"]
[White "Tinker"]
[Black "Hossa"]
[Result "0-1"]
[WhiteElo "2506"]
[BlackElo "2514"]
[PlyCount "128"]
[EventDate "2000.??.??"]

1. e4 e5 2. Nf3 Nc6 3. Bb5 a6 4. Bxc6 dxc6 5. d3 f6 6. O-O Qd6 7. Nc3 Be6 8.
Be3 g5 9. Na4 b6 10. d4 g4 11. Nh4 exd4 12. Qxd4 O-O-O 13. Rfd1 Qxd4 14. Bxd4
Kb7 15. b3 Ba3 16. c4 Re8 17. c5 b5 18. Nc3 Bb4 19. e5 g3 20. fxg3 fxe5 21.
Bxe5 Bxc5+ 22. Kh1 Ne7 23. Bxh8 Rxh8 24. Ne4 Ba3 25. Rab1 Nd5 26. Ng5 Bc8 27.
Rd3 Nb4 28. Rf3 Bg4 29. Rff1 Nd5 30. Nf7 Rf8 31. h3 Be2 32. Rfe1 Rxf7 33. Rxe2
Nc3 34. Rbe1 Nxe2 35. Rxe2 Bd6 36. Kh2 a5 37. Re6 c5 38. a3 c4 39. bxc4 bxc4
40. Re3 Rf1 41. Rc3 Ra1 42. Rxc4 Bxa3 43. Nf3 Bc1 44. Rh4 h6 45. Nd4 Rb1 46.
Ne6 Be3 47. Nd8+ Ka6 48. Nf7 Rb4 49. Rh5 Rb5 50. Re5 Rxe5 51. Nxe5 a4 52. Nc4
Bc5 53. Ne5 a3 54. Nd3 Kb6 55. Nc1 Kb5 56. g4 Be3 57. Na2 Kc4 58. h4 Kb3 59. g5
Kxa2 60. g6 Bd4 61. g4 Kb3 62. h5 a2 63. Kh3 c5 64. g5 c4 {Tinker resigns} 0-1

[Event "ICS rated blitz match"]
[Site "204.178.125.65"]
[Date "2000.07.09"]
[Round "?"]
[White "Hossa"]
[Black "QueenMaxima"]
[Result "1-0"]
[WhiteElo "2530"]
[BlackElo "2580"]
[PlyCount "69"]
[EventDate "2000.??.??"]

1. c4 c5 2. Nf3 Nf6 3. Nc3 e6 4. d3 Nc6 5. g3 d5 6. Bf4 Qa5 7. cxd5 exd5 8. Bd2
Qb6 9. Bg2 Be7 10. Na4 Qb5 11. O-O O-O 12. Rc1 Re8 13. Bg5 Nd7 14. Nc3 Qxb2 15.
Rc2 Qa3 16. Bc1 Qa6 17. Nxd5 Bd6 18. Ng5 Nd4 19. Rb2 f6 20. Nxh7 Re5 21. e3
Kxh7 22. exd4 cxd4 23. f4 Re6 24. Qg4 Nc5 25. f5 Re5 26. Nb4 Qa5 27. Bf4 Qa3
28. Bxe5 Bxe5 29. Qh5+ Kg8 30. Bd5+ Be6 31. fxe6 Qb3 32. axb3 Rf8 33. e7+ Ne6
34. Bxe6+ Rf7 35. Bxf7# 1-0

[Event "ICS rated blitz match"]
[Site "204.178.125.65"]
[Date "2000.07.09"]
[Round "?"]
[White "QueenMaxima"]
[Black "Hossa"]
[Result "0-1"]
[WhiteElo "2562"]
[BlackElo "2548"]
[PlyCount "70"]
[EventDate "2000.??.??"]

1. d4 Nf6 2. Bf4 d5 3. Nf3 h6 4. e3 g5 5. Bg3 Ne4 6. Bb5+ c6 7. Bd3 Nxg3 8.
hxg3 Bg7 9. Nc3 b6 10. Qd2 Na6 11. a3 O-O 12. O-O-O b5 13. Qe2 Bg4 14. a4 Nb4
15. axb5 cxb5 16. Bxb5 Qb6 17. Na4 Qc7 18. Nc5 Qa5 19. Nb3 Qa2 20. Qd2 a5 21.
Bd3 Rfc8 22. Ne5 Be6 23. Nxf7 Bxf7 24. Bf5 e6 25. Qe2 exf5 26. Rd3 a4 27. Rc3
axb3 28. Qd1 Rxc3 29. bxc3 bxc2 30. Qe2 Qa1+ 31. Kd2 Qb2 32. Rc1 Qxc1+ 33. Kxc1
Ra1+ 34. Kb2 c1=Q+ 35. Kb3 Qa3# 0-1